[Event "Chelyabinsk 15.1"]
[Site "Moscow RUS"]
[Date "2004.02.19"]
[Round "15.1"]
[White "Sulskis, Sarunas"]
[Black "Van Wely, Loek"]
[Result "0-1"]
[WhiteElo "2582"]
[BlackElo "2617"]
[EventDate "2004.02.17"]
[Annotator "Rogozenco"]

1. e4 c5 2. Nf3 Nc6 3. d4 cxd4 4. Nxd4 Nf6 5. Nc3 e5 6. Ndb5 d6 7. Bg5 a6 
8. Bxf6 gxf6 9. Na3 b5 10. Nd5 f5 11. Nxb5?! ( 11. Bd3 Be6 12. c3 Bg7 13. 
Nxb5 {is the correct move order, if White wishes to sacrifice the knight 
on b5.} 13. ... axb5 14. Bxb5 Bd7 ) 11. ... axb5 12. Bxb5 Bb7! {The old 
recommendation of E. Sveshnikov practically made the line 11.Nxb5 
disappear from the practice. } ( 12. ... Bd7 13. exf5 Bg7 14. c3 =/& ) 13.
 exf5 Bg7 {Black seeks to mobilize on the K-side as quickly as possible } 
( {E. Sveshnikov recommended} 13. ... Ra5 14. a4 Rxb5 15. axb5 Nd4 â†‘ ) (
13. ... Rc8 {There also occured } 14. O-O Bg7 15. Qf3 Bf6 16. Rad1 O-O 17.
 Rd3 Kh8 18. Qh5 Rg8 19. Qxf7 Rg7 20. Qxf6 Qxf6 21. Nxf6 Nd4 22. Rg3 Nxb5 
23. c3 Ra8 24. a3 Rf7 25. Ng4 Rxf5 26. Rd1 Rf4 27. Ne3 Raf8 {with dynamic 
equilibrium} 28. f3 R8f6 29. Ng4 Re6 30. Nf2 d5 {1/2-1/2(44) Mnatsakanian,
Eduard A (2450) - Majorovas, Vitalijus (2450) / URS Spartakiad (?), Moscow
RUS 1981} ) ( 13. ... Qa5+ 14. c3 ) 14. O-O? ( 14. f6! {is the only 
principled move, which can eventually underline drawbacks of 13...Bg7.} 
14. ... Bxf6 15. Qf3 Kf8!? ( 15. ... Bg7 16. Nb4! O-O 17. Bxc6 ( 17. Nxc6 
Qc7 -/+ ) 17. ... e4 18. Qb3! +/- {and not clear if Black has sufficient 
compensation for two pawns.} ) 16. Bxc6 ( 16. Qxf6 Qxf6 17. Nxf6 Nd4 -/+ )
( 16. Nxf6 Qa5+ -/+ ) 16. ... Bxc6 17. Qxf6 Qxf6 18. Nxf6 Ke7 19. Ng4 Bxg2
( 19. ... Rhg8 20. b3 Bxg2 ) ( 19. ... Rhb8 20. b3 Bxg2 21. Rg1 Be4 22. 
Ne3 d5 ) 20. Rg1 Be4 =/& ) 14. ... O-O 15. Bc4?! { Too sluggish, and Black
manages to eliminate the important f5-pawn } ( {Tension could be 
maintained by } 15. Qg4 Kh8 16. Bd3!? ( 16. c3 Rg8 17. Bxc6 Bxc6 18. Qc4 
Qd7 19. Rfe1 Qb7 20. Rad1 Bf8 21. b4 Bd7 -/+ ) 16. ... Rg8 17. Qh5 =+ ) 
15. ... Qg5 16. a4 Kh8! {A fine prophylactic move. Black king escapes 
possible forks on e7 and redds the way to the g-file for a rook } ( 
16. ... Qxf5 -/+ { White would have good chances on the Q-side } 17. a5 
Ba6 ( 17. ... Ra7 18. a6 Ba8 19. c3 ) 18. Bxa6 Rxa6 19. b4 e4 20. c3 ) 17.
 Ra3 ( 17. b4? Nxb4 -+ ) ( 17. c3 Qxf5 -/+ ( 17. ... Rg8 18. Ne3 Ne7 =+ ) 
) ( 17. Ne3 Nd4 -/+ ) 17. ... Qxf5 18. Ne3 Qg6 -+ {White has just two 
pawns for the bishop, which is certainly not enough.} 19. Bd5 {White has 
gained a firm foothold on the d5-square and relieved the pressure against 
the b7-bishop. However, in the course of the game black initiative on the 
K-side builds up dramatically, to a large extent because of the fact that 
the number of his pieces is greater} 19. ... Rab8 ( {Black could prevent 
the march of the a-pawn with} 19. ... Rfb8 20. Qf3 Nd4 -+ ) 20. a5 f5 21. 
a6 Ba8 22. a7 Rb5! {By "pulling out" the white pawn to c4 Black gets the 
d4-square for his pawn } ( 22. ... Rxb2 23. Bxc6 Bxc6 24. Qa1 Rxc2 25. 
a8=Q f4!? â†‘ ) 23. c4 Rb6 24. b4 Rxb4 ( 24. ... Nxb4 25. Bxa8 Rxa8 26. 
Qf3 Nc6 -+ ) 25. Ra6 ( 25. Qd2 Rb6 -+ ) ( 25. Bxc6! {This could offer 
White some chances to complicate matters:} 25. ... Bxc6 26. Qd2 Rb6 ( 
26. ... Rxc4 27. Qa2 Rg4 28. f3 ) 27. Qa5 Rb2 28. a8=Q Bxa8 29. Qxa8 f4!? 
30. Nd1 Rd2 31. Qa5 Qc2 32. Qa4 e4 -/+ ) 25. ... Nd4 26. c5 {White aims at
obtaining counterplay on the queenside, but black threats are more 
dangerous, as he attacks the king! } 26. ... f4 27. Rxd6 Qg5 28. Nc2 f3 
29. Ne1 ( 29. g3 Ne2+ 30. Kh1 Rh4! -+ 31. Be6 Nxg3+ 32. fxg3 Qxg3 33. Bh3 
Rxh3 34. Rf2 Qxf2 ) ( 29. Ne3 Ne2+ 30. Kh1 Rh4! ) 29. ... e4 30. Bxa8 Rxa8
31. Rb6 Rxb6 32. cxb6 fxg2 0-1

[Event "Chelyabinsk 15.2"]
[Site "Buenos Aires ARG"]
[Date "1978.??.??"]
[Round "15.2"]
[White "Nunn, John D M"]
[Black "Bhend, Edwin"]
[Result "1-0"]
[WhiteElo "2440"]
[BlackElo "2345"]
[EventDate "1978.10.25"]
[Annotator "Milic"]

{Inf.26/381} 
1. e4 c5 2. Nf3 Nc6 3. d4 cxd4 4. Nxd4 Nf6 5. Nc3 e5 6. Ndb5 d6 7. Bg5 a6 
8. Bxf6 gxf6 9. Na3 b5 10. Nd5 f5 11. Bxb5 axb5 12. Nxb5 { This version of
a piece sacrifice on b5 is more popular in the modern practice. The point 
is that with white knights being situated on b5 and d5, the check at the 
c7-square is practically unavoidable, and black king gets delayed in the 
center } 12. ... Rb8 ( {There also occured} 12. ... Qg5?! 13. Ndc7+ Kd8 
14. Qd5! Bb7 15. Qxf7 Qe7 16. Qxe7+ Bxe7 17. Nxa8 Bxa8 18. exf5 {with 
white advantage in the endgame} ) 13. Nbc7+ Kd7 14. Qh5 Nd4 {Black aims at
combining defence with counterattack } ( {But the retreat } 14. ... Ne7!? 
{looks more promising; the idea is to exchange one of the opponent's 
active knights} 15. Qxf7 Kc6 16. b4!? ( 16. a4!? ) ) 15. O-O +/- Kc6 ( 
15. ... Rxb2? 16. Rab1! Rxc2 17. Qxf7+ Be7 18. Na8 +- ) ( 15. ... Rb7 16. 
c3 Rxc7 17. Nxc7 Qxc7 18. Qxf7+ +/- ) 16. b4! { The b2-pawn's pitching in 
the attack is a typical tactical method in this variation } 16. ... fxe4 (
16. ... Be6 17. b5+! Nxb5 18. Nxb5 Rxb5 19. c4 Rb2 20. exf5 +/- ) 17. c3 
Ne6 ( 17. ... Nb5 18. Nxb5 Rxb5 19. c4 +/- ) 18. b5+! {White attack 
becomes killing } 18. ... Kb7 ( 18. ... Rxb5 19. Nxb5 Kxd5 20. Rab1! {/\ 
21. Qxf7, 21.Rfd1++-} ) 19. b6 +- Kc6 ( 19. ... Qg5 20. Qxf7 Qg7 21. Nxe6+
!! Qxf7 22. Nd8+ Ka6 23. Nxf7 Rg8 24. Rfb1 ) 20. Rab1 Qg5 21. Qe2 Nc5 ( 
21. ... Rg8 22. Qb5+ Kb7 23. Qa6+ Kc6 24. b7+ Kd7 25. Qb5+ Kd8 26. Qe8# ) 
22. b7! Nd3 ( 22. ... Rxb7 23. Rxb7 Kxb7 24. Qb5+ Ka7 25. Qb6# ) 23. Qxe4 
Nc5 24. Qc4 Rxb7 25. Rxb7 1-0

[Event "Chelyabinsk 15.4"]
[Site "France"]
[Date "1994.??.??"]
[Round "15.4"]
[White "Mitkov, Nikola"]
[Black "Shirov, Alexei"]
[Result "0-1"]
[WhiteElo "2470"]
[BlackElo "2705"]
[EventDate "1994.??.??"]

1. e4 c5 2. Nc3 e6 3. Nf3 Nc6 4. d4 cxd4 5. Nxd4 Nf6 6. Ndb5 d6 7. Bf4 e5 
8. Bg5 a6 9. Na3 b5 10. Bxf6 gxf6 11. Nd5 f5 12. Bxb5 axb5 13. Nxb5 Ra7 
14. Nxa7 Nxa7 15. c3 ( {In case of the immediate} 15. exf5 {as it has 
happened in the previous game, Black should also play } 15. ... Nb5 ) 
15. ... Nb5! {Black redeploys his knight on c7 intending to exchange the 
opponent's centralized knight. It is highly important for Black in case of
the exchange on d5 to be left with a pair of bishops, as it will surely 
give him counterplay} ( 15. ... fxe4?? 16. Qa4+ ) 16. exf5 Nc7 17. Ne3! { 
White is in no hurry to agree to an exchange, as his knight looks more 
promosing than its black counterpart for now and fortifies the f5- and 
g2-squares } ( {(In one of the correspondence games there followed} 17. 
O-O Bxf5 ( {Also possible is } 17. ... Nxd5 18. Qxd5 Bxf5 {retaining 
bishops pair on the board} ) 18. Qf3 Nxd5 ( 18. ... Be6 19. Nf6+ Ke7 ) 19.
 Qxd5 ( {White's refusal to eliminate one of the opponent's bishops looks 
strange} 19. Qxf5 ) 19. ... Be6 { Now Black succeeds in demonstrating the 
potential energy of the bishops pair in such a position } 20. Qb5+ Bd7 21.
 Qe2 Rg8 22. Kh1 Bc6 23. f3 Bh6 24. Qa6 Kd7! 25. Rad1 Rg6 26. b4 Qb8 27. 
a4 Bf4 28. b5 Bb7 29. Qb6? ( 29. Qa5 ) 29. ... Bxf3! -/+ 30. Qxb8 ( 30. 
Rxd6+ Qxd6 31. Qa7+ Qc7 32. Qxc7+ Kxc7 33. Rxf3 Rf6 34. g3 Bg5 -+ ) 
30. ... Bxg2+ 31. Kg1 Be3+ 32. Rf2 Bd5+! 33. Kf1 { 0-1, Engelhardt G - 
Asaturian S, 1980 corr} ) 17. ... Bb7 {It was necessary to prevent the 
Qd1-f3 lunge } 18. Qa4+?! ( {In A.Shirov's opinion, the strongest 
continuation is} 18. Qb3! Qa8 19. O-O-O Bxg2 20. Nxg2 Qxg2 21. Kb1! {with 
white initiative} ) 18. ... Qd7 19. Qb3 ( {In case of} 19. Qxd7+ Kxd7 20. 
Rd1 d5! {Bc5  - a pair of bishops lets White feel comfortable in the 
endgame} ) 19. ... Na6! {Black agrees to white knight's invasion to d5, 
but by transferring his own knight to c5 reveals the seamy side of white 
queen's position on b3} ( 19. ... Qc6 20. O-O-O += ) 20. Nd5 Nc5 21. Nf6+ 
Ke7 ( 21. ... Kd8? 22. Nxd7 Nxb3 23. Nxe5!! +/- ) 22. Nd5+ Ke8 ( 22. ... 
Kd8? 23. Qb6+ Kc8 24. O-O-O! +/- ) 23. Nf6+ Ke7 24. Nd5+ Bxd5!? {In 
principle, by exchanging his light-squared bishop Black makes a positional
concession, but maintains chances to keep on fighting } ( {A logical 
conclusion of the opening duel is a move repetition after } 24. ... Ke8 = 
) 25. Qxd5 Qxf5 26. O-O Rg8 ( 26. ... Ne6?! {Of course, Black aims at 
counterplay on the K-side and directs his knight to the vicinity of the 
f4-square } 27. Rad1 Kf6 28. Rfe1 Rg8 29. Qe4! Nf4! {An objective 
evaluation of this position requires that Black should transpose the game 
into ending } ( 29. ... Qh5?! 30. Rd3! += Ng5 31. Qc6! ) 30. Qxf5+ Kxf5 { 
Despite passed pawns on the Q-side, Black still has his chances in the 
endgame due to his centeralized pieces } 31. g3 e4 32. Rd4?! {With this 
move White opts for variation that transposes the game into a rook ending 
and thus makes life for White easier } 32. ... d5 33. Kf1 ) ( 26. ... Qe4 
27. Qxe4 Nxe4 {aiming at the quickest possible centralization by way of 
d5, Ke6, Bc5} ) 27. Rad1 Kf6 28. Rfe1 Ne6 29. Qe4 Nf4 30. Qxf5+ Kxf5 {
Despite passed pawns on the Q-side, Black still has his chances in the 
endgame due to his centeralized pieces } 31. g3 e4 32. Rd4?! {With this 
move White opts for variation that transposes the game into a rook ending 
and thus makes life for White easier } 32. ... d5 33. Kf1 Bc5! 34. gxf4 
Bxd4 35. cxd4 Ra8 {The main point in the rook endgames is the activity of 
the pieces, and so White's small material advantage is of no consequence }
36. a3 ( {Now it is already White who has to think about maintaining 
equality, which once again could be achieved by maximum activity} 36. Rb1!
Rxa2 37. b4 Kxf4 38. b5 e3 39. b6 Ra8 40. b7 Rb8 41. Rb5! exf2 42. Rxd5 
Rxb7 43. Kxf2 = ) 36. ... Ra4 37. Rd1?! ( {To equality still lead} 37. b4!
Rxa3 38. Rb1 = ) 37. ... Kxf4 =+ {White is a pawn up, but his position is 
far from being pleasant. White rook is passive, and the opponent now has a
powerful pawn grouping on the K-side, which is supported by black king } 
38. Ke2 f5 39. Rd2 ( 39. h3? h6 ) 39. ... h6 ( 39. ... h5 40. b4! Rxa3 41.
 Rb2 Kg4! ( 41. ... Rh3? 42. b5 Rxh2? 43. b6 e3 44. Rb1!! exf2 45. Rb3! +-
) 42. b5 Ra7 43. b6 Rb7 =+ ) 40. Rd1 h5 41. Rd2 h4 42. h3 Rc4 43. Rd1 Rc2+
44. Rd2 Rxd2+ 45. Kxd2 Kf3 46. Ke1 Kg2 47. b4 f4 48. Ke2 f3+ 49. Ke3 Kxh3 
50. b5 Kg2 51. b6 h3 52. b7 h2 53. b8=Q h1=Q 54. Qg8+ Kf1 55. Qxd5 Qh6+ 
56. Kxe4 Qh4+! {In the queen ending Black should win due to his 
far-advanced passed f3-pawn } 57. Kd3 ( 57. Kxf3? Qh1+ ) 57. ... Kxf2? ( 
57. ... Qxf2 58. Qg5 ) 58. a4 Qg3 59. Qe4 Kg1 60. Qe3+ Qf2 61. Qf4 Qf1+ 
62. Kc2 Qg2+ 63. Kb1 f2 --+ 64. Qe3 Kh2 65. Qf4+ Qg3 66. Qh6+ Kg1 -+ 0-1

[Event "Chelyabinsk 15.5"]
[Site "Alushta UKR"]
[Date "2001.??.??"]
[Round "15.5"]
[White "Soloviov, Sergei N"]
[Black "Malakhatko, Vadim"]
[Result "1/2-1/2"]
[WhiteElo "2417"]
[BlackElo "2513"]
[EventDate "2001.04.17"]

1. e4 c5 2. Nf3 e6 3. d4 cxd4 4. Nxd4 Nf6 5. Nc3 Nc6 6. Ndb5 d6 7. Bf4 e5 
8. Bg5 a6 9. Na3 b5 10. Bxf6 gxf6 11. Nd5 f5 12. Bxb5 axb5 13. Nxb5 Ra7 
14. Nxa7 Nxa7 15. c3 Bg7!? {A promising attempt at improving the variation
for Black. Leaving the maneuver Â¤a7-b5-c7 in reserve, Black intends to 
finish the K-side mobilization first of all } 16. Qa4+! { This check is 
the only move that can question the black plan. White forces the exchange 
of the queens} 16. ... Qd7 17. Qxd7+ ( 17. Qa5?! { has also been tested, 
but after} 17. ... fxe4! 18. Nc7+ Ke7 19. Qxa7 Kd8 20. O-O-O Qxc7 21. 
Rxd6+ Qxd6 22. Rd1 Qxd1+ 23. Kxd1 Bd7 24. b4 Ke7 25. b5 Rc8 26. Qa3+ Ke8 
27. b6 Bf8 28. Qa6 Rd8 29. Ke2 Bd6 30. c4 Bc6 31. c5 Ra8 {0-1(52) 
Fontaine, Robert (2452) - Nunn, John D M (2584) / Bundesliga 0102 (8.4), 
GER 2002} ) 17. ... Bxd7 18. exf5 ( {In case of} 18. f3 {Black gives his 
pieces "air to breathe" by way of } 18. ... fxe4 19. fxe4 f5 ) 18. ... 
Bxf5 19. O-O Kd7 20. a4 Rb8 21. b4 { In the endgame white passed pawns on 
the Q-side look menacing, but active black bishops prove to be able to 
ensure adequate counterplay for Black } 21. ... Bd3! 22. Rfc1 ( {In 
S.Solovjov's opinion, worth attention is } 22. Rfd1!? e4 23. f3 f5 24. Kf2
+= ) 22. ... Kc6 23. c4 e4 24. Ra2 Bh6 25. Rc3 ( 25. b5+ Kb7! ( 25. ... 
Kc5?! 26. Ne3 Bxe3 27. fxe3 Bxc4 28. Rac2! d5 29. Rf2 Rb7 30. Rf6! +/- ) 
26. Rc3 ( 26. Ne3 Rc8! =+ ) 26. ... Bg7 {shown by S.Solovjov} ) 25. ... 
Bg7 26. Rc1 Bh6 27. Rc3 Bg7 1/2-1/2

[Event "Chelyabinsk 16.1"]
[Site "USSR"]
[Date "1978.??.??"]
[Round "16.1"]
[White "Vitolinsh, Alvis"]
[Black "Sturua, Zurab"]
[Result "0-1"]
[WhiteElo "2415"]
[BlackElo "2395"]
[EventDate "1978.??.??"]
[PlyCount "60"]

1. e4 c5 2. Nf3 Nc6 3. d4 cxd4 4. Nxd4 Nf6 5. Nc3 e5 6. Ndb5 d6 7. Bg5 a6 
8. Na3 b5 9. Bxf6 gxf6 10. Nd5 f5 11. Bxb5 axb5 12. Nxb5 Ra4! {For the 
present this is the most popular black weapon in this variation. Black 
suddenly brings his queen rook into a fight along the 4th rank } 13. O-O 
Rxe4 14. Nbc7+ Kd7 15. Qh5 {White knights with the help of their queen 
have encircled the enemy king tightly, but Black's defensive resources are
great enough } 15. ... Ne7! { Trying to cut the Gordian knot of white 
knights } ( 15. ... Nd4 16. f3 Ne2+ 17. Kf2 Qh4+ 18. Qxh4 Rxh4 19. Kxe2 
Rc4 20. Na8 Rxc2+ 21. Kd1 Rxb2 22. Nab6+ Kd8 23. Nxc8 Kxc8 24. Rc1+ Kd7 
25. Rc2 Rb5 26. Rd2 Bh6 27. f4 exf4 28. Rf3 Rhb8 29. Nc3 Rb2 30. Rxb2 Rxb2
31. Ne2 Rxa2 32. Rh3 Ra1+ 33. Kc2 Bg7 34. Nxf4 Ra2+ 35. Kb3 Rb2+ 36. Kc4 
h6 37. Rh5 Rc2+ 38. Kd3 Rc5 {* Kesl, Ervin (2166) - Vesely, Emanuel (2133)
/ CZE/C/sf27 (CZE) (-), ICCF2012_corr01 2012} ) 16. Qxf7 Kc6! { Coming out
to the center of the board bravely, black king is ready to defend himself 
on his own! } 17. c4 Rg8 {Combining defence with counterattack. Black 
intends to drive the white queen away by means of Â¦g8-g7 and looks 
closely at the g2-square } ( {An immediate exchange of the d5-knight led 
to a strong white attack in the following game:} 17. ... Nxd5 18. cxd5+ 
Kb6 19. Rfc1! Qd7 20. Rc6+ Ka5 ( 20. ... Kb7 21. Qh5 Kb8 22. Rac1 +- ) 21.
 Ra6+! Kb4 22. a3+ Kb3 23. Rb6+ Ka4 ( 23. ... Kc2 24. Qh5 ) 24. b3+ Ka5 
25. Qxd7 Kxb6 ( 25. ... Bxd7 26. Ra6# ) 26. Qc6+ Ka7 27. Nb5+ {1-0, 
Horvath T - Joksic S, 1978 Jugoslavija)} ) 18. Nb5?! {This retreat hands 
over the initiative to the opponent } ( 18. Rfc1! Rg7 19. Ne6! Bxe6 20. 
Qxe6 Reg4 21. g3 R4g5 22. Nb4+ Kb7 23. c5 R5g6 24. c6+ Ka8 25. Qb3! ( 25. 
Qd7! Qxd7 26. cxd7 Nc6 27. Rxc6 Rxd7 28. Rc8+ ) 25. ... Qb6 26. c7 Kb7 ( 
26. ... Nc8 27. Rc6 Qb5 28. a4 +- ) 27. Qd5+! {1-0, Honfi Karoly - 
Piasetski L, 1978 Subotica} ) 18. ... Rg7! 19. Nxe7+ Qxe7 20. Qd5+ Kb6 {It
turns out now that it is not easy at all to attack the black king, even if
this monarch is deprived of his pawn cover, and black counterthreats along
the a8-h1 diagonal and the g-file have become real } 21. Qd3 ( 21. Nc3 Bb7
22. Qb5+ ( 22. Qd3 Rxg2+ 23. Kxg2 Rg4+ -+ ) 22. ... Ka7 23. Nxe4 fxe4! -/+
) 21. ... Bb7 22. f3 d5!! {Opening the a7-g1 diagonal for the attack 
against white king } 23. fxe4 ( 23. cxd5 Qc5+ 24. Kh1 Rh4! -+ ) 23. ... 
dxc4! 24. Qe2 ( 24. Qxc4 Qc5+ -+ ) 24. ... Bxe4 25. Rf2 ( 25. Nc3 Bxg2! 
26. Qxg2 Rxg2+ ( 26. ... Qb7 -+ 27. Rf2 Rxg2+ 28. Rxg2 Bc5+ 29. Kh1 Bd4 ) 
27. Kxg2 Qg7+ 28. Kf3 Qg4+ 29. Kf2 Bc5+ 30. Ke1 Qh4+ 31. Ke2 Qxh2+ 32. Ke1
Qg3+ 33. Kd1 Qd3+ 34. Ke1 Be7 ) 25. ... Kxb5 -+ 26. a4+ Kb6 27. Qxc4 Qc5 
28. Qe6+ Ka7 29. g3 Qd4 30. Kf1 Bc5 0-1

[Event "Chelyabinsk 16.2"]
[Site "Batumi GEO"]
[Date "2002.06.15"]
[Round "16.2"]
[White "Sulskis, Sarunas"]
[Black "Gagunashvili, Merab"]
[Result "1-0"]
[WhiteElo "2577"]
[BlackElo "2472"]
[EventDate "2002.06.12"]

1. e4 c5 2. Nf3 Nc6 3. d4 cxd4 4. Nxd4 Nf6 5. Nc3 e5 6. Ndb5 d6 7. Bg5 a6 
8. Bxf6 gxf6 9. Na3 b5 10. Nd5 f5 11. Bxb5 axb5 12. Nxb5 Ra4 13. O-O Rxe4 
14. Nbc7+ Kd7 15. Qh5 Ne7 16. Qxf7 Kc6 17. c4 Qd7 {This defence is 
admittedly the most reliable one for Black. Subsequently he may operate 
with a threat of the queen exchange on the 7th rank } ( {As we have 
already observed in the previous example, after} 17. ... Rg8 {White faces 
his opponents with some problems by means of} 18. Rfc1! Rg7 ( 18. ... Reg4
19. g3 R4g6 20. c5!! Nxd5 ( 20. ... dxc5 21. Rxc5+ Kxc5 22. Rc1+ Kd6 23. 
Nxe7 Be6 24. Nxf5+ +- ) 21. cxd6+ +- ) 19. Ne6! Bxe6 20. Qxe6 Reg4 21. g3 
R4g5? ( 21. ... R4g6 22. Nxe7+ Bxe7 23. Qxf5 Qd7 24. Qe4+ Kc7 25. c5 dxc5 
26. Qxe5+ Bd6 27. Qc3 Kb8 28. Re1 Rf7 29. Qb3+ Kc7 30. Rad1 Rgf6 31. Re2 
Qc6 32. Qc4 = ) 22. Nb4+ Kb7 23. c5 R5g6 24. c6+ Ka8 25. Qb3 Qb6 26. c7 
Kb7 27. Qd5+ {1-0 Honfi, Karoly (2420) - Piasetski, Leon (2410) / Subotica
(?), Subotica SRB 1978} ) 18. Na8! {An original and unexpected knight 
maneuver allows White to establish coordination between his pieces that 
take part in the attack } ( {Other continuations are favorable for Black:}
18. b4? Nxd5 -+ ) ( 18. Rfc1 Ng6 19. Qf6 Be7 20. Qf7 Bg5 -+ ) ( 18. Nb5 
Ng6 19. Nb4+ Kb6 20. Qd5 Nf4! -/+ ( 20. ... Bb7? 21. c5+ +- ) ( 20. ... 
Qb7? 21. c5+! dxc5 22. Qd8+! Kxb5 23. a4+ Kxb4 24. Qd2+ +- ) 21. Qd2 Rg8 
22. a4 ( 22. g3 Bb7 -+ ) ( 22. Nd5+ Nxd5 23. Qxd5 Rxg2+! 24. Kxg2 Rg4+ 25.
 Kh3 ( 25. Kh1 Bb7 -+ ) 25. ... Qe8 -+ ) 22. ... Rxg2+ 23. Kh1 Qg7 24. a5+
Kc5! {0-1, Kirsch B - Fleck J, 1979 BRD} ) 18. ... Ng6! ( 18. ... Nxd5?? 
19. Qxd5# ) ( 18. ... Kb7? 19. Nab6 Qe6 20. Nxc8! +- ) ( 18. ... Qe6 19. 
Qe8+ Qd7 ( 19. ... Bd7? 20. Qb8 +- ) 20. Nxe7+ Bxe7 21. Qxh8 Kb7 +/- ) 19.
 Nb4+ Kb7 20. Qd5+ Kb8 21. Nb6!? { In this sharpest position White decides
to keep on fighting } ( 21. Nc6+! Kxa8 22. Qb5 Qb7 ( 22. ... Qc7 23. Qa4+ 
Kb7 24. Na5+ Kb8 25. Nc6+ Qxc6? ( 25. ... Kb7 = ) 26. Qxc6 Bb7 27. Qb6! 
Be7 28. a4 Nf4 29. a5 Bd8 30. Qxd6+ Bc7 31. Qf6 Rg8 32. a6!! Nh5 33. Qe7!!
( 33. Qf7? Rxg2+ 34. Kh1 Rxh2+ 35. Kg1 Rh1+ -+ ) 33. ... Rxg2+ 34. Kh1 Ba8
35. f3 +- ) 23. Qa5+ Qa6 24. Qc7 Qb7 25. Qa5+ { 1/2-1/2, Gruenfeld Y - 
Fleck J, 1980 Lugano} ) 21. ... Qb7 22. Qb5 ( 22. Nc6+? Kc7 -+ ) 22. ... 
Nf4 {Black begins his counterplay on the K-side. White, in his turn, hopes
to step up his pressure on the opposite flank, combining this with 
parrying the opponent's threats } 23. f3 ( 23. N4d5 Be7! 24. a4 ( 24. Nxe7
Qxe7 -/+ ) 24. ... Bd8 25. a5 Nxd5 26. cxd5 Rd4 27. Rfc1 Bxb6 28. axb6 
Qxd5 -/+ ) 23. ... Re2 ( {In S.Sulskis' opinion, worth attention is} 
23. ... Rxc4!? 24. Qxc4 ( 24. Rac1 Rc5! -/+ ) 24. ... Qxb6+ 25. Kh1 Be6 
26. Qc3 Ne2 27. Qd2 Nd4 =+ ) 24. g3 h5 ( {The cavalry could have rushed to
the dangerous charge in case of the straightforward} 24. ... Nh3+? 25. Kh1
Nf2+ 26. Rxf2 Rxf2 27. Nc6+ Kc7 28. Nd5+ {that's where black knight's 
retreat from f4 and the weakening of the d5-square tell!} 28. ... Kd7 29. 
Nxe5+ Kd8 ( 29. ... Ke6 30. Qe8+ Be7 31. Qf7+ Kxe5 32. Qg7+ Ke6 33. Re1+ 
+- ) 30. Qa5+ Ke8 31. Qa4+! Bd7 32. Nxd7 Kf7 +/- ) ( {but worth attention 
is } 24. ... Rg8!? {with an idea of Rg8-g6-h6} ) 25. Kh1 ( 25. gxf4?? Qg7+
) 25. ... Rg8 ( 25. ... h4? 26. g4 +/- ) 26. c5! {Opening the approaches 
to black king } ( 26. gxf4?? Rg1+! 27. Kxg1 Qg7+ -+ ) 26. ... dxc5 27. 
Nc6+ Kc7 28. gxf4 Rgg2 {The heat of the struggle reaches its very climax. 
Both kings are under fire of enemy pieces } ( 28. ... Qxc6!? 29. Qxe2 Kxb6
30. Qe3 ( 30. b4? cxb4 -+ 31. Rfc1 Bc5 32. Rab1 Qb5 33. Qxe5 Bb7 34. Qe6+ 
Ka7 35. Rb3 -+ ) 30. ... Kc7 31. fxe5 c4 32. Qf4 Be6 33. Rad1 ( 33. h3 -/+
) 33. ... Bc5 -/+ ) 29. Nd5+ Kd6 ( 29. ... Kd7? 30. Nf6+!? Ke6 31. Nd8+ 
Kxf6 32. Qxe2 Rxe2 33. Nxb7 Bxb7 -+ ) 30. fxe5+ Kxd5 ( 30. ... Ke6 31. 
Nf4+ +- ) 31. Rad1+ Rd2 ( 31. ... Ke6?? 32. Qc4# ) 32. Nb4+ Ke6 33. Qe8+ 
Be7?? ( 33. ... Qe7 34. Qxc8+ Qd7 35. Qa6+ Kf7 36. Qf6+ Kg8 37. Rg1 Rxd1 
38. Rxd1 Qxd1+ 39. Kxg2 Qe2+ 40. Kg1 cxb4 41. Qg6+ = ) 34. Rxd2 Rxd2 35. 
Nc6 Qc7 36. Nxe7?! ( 36. Rg1 +-- Kd5 37. Nxe7+ Kd4 38. Qa4+ c4 39. Nc6+ 
Ke3 40. Qxc4 Ba6 41. Re1+ Kxf3 42. Rf1+ Rf2 43. Qd5+ Kf4 44. Qd2+ Kg4 45. 
Rg1+ Rg2 46. Rxg2+ Kh3 47. Rg3+ Kh4 48. Qg5# ) 36. ... Qd8 37. Qxd8 Rxd8 
38. Nxc8 +/- Rxc8 39. f4 Rb8 40. Rf2 Kd5 41. Kg2 Ra8 42. b3 Ra3 43. Rd2+ 
Ke6 44. Kg3 c4 45. Kh4 cxb3 46. axb3 Rxb3 47. Kxh5 Rb8 48. Rd6+ 1-0